000 00912nam a22001937a 4500
003 BR-ViAPE
005 20260423133130.0
008 260423s1926 por gs||||s000 0 por d
040 _cBR-ViAPE
110 _aEspírito Santo
_bEstado
245 _aMensagem apresentada pelo Exmo. Sr. Dr. Florentino Avidos, Presidente do Estado do Espírito Santo, ao Congresso Legislativo, na 2ª sessão ordinaria da 12ª legislatura
260 _aVitória
_b[s.n.]
_c1926
300 _a113 p.
_bDocumento digitalizado (PDF)
500 _aDocumento digitalizado do acervo institucional do Arquivo Público do Estado do Espírito Santo - APEES.
650 _aAdministração Pública
_zEspírito Santo
651 _aEspírito Santo
_xAdministração pública
856 _uhttps://ape.es.gov.br/Media/ape/PDF/Mensagens/Mensagem-2024/Mensagem%20-%20ano%20[1926].pdf
_yCLIQUE AQUI PARA ACESSAR O DOCUMENTO
942 _2ddc
_cMSGREL
_n1
999 _c566
_d566